000 00595nam a22001937a 4500
005 20251108164818.0
008 250721s9999 xx 000 0 ara d
082 1 4 _a616.12/بلا
100 1 _aبلاكسلي، ألتون
245 1 0 _aقلبك و كيف تحافظ عليه /
264 1 _aبيروت :
_bالمكتبة الحديثة للطباعة و النشر،
_c[19-].
300 _a295ص
650 1 7 _aالقلب
650 1 7 _aأمراض القلب
700 1 _aستاملر، جريميا
700 1 _aبدران، أحمد
_eترجمة
942 _2ddc
_cBK
999 _c14948
_d14948